000 00494nam a2200133 4500
999 _c8665
_d8665
008 180215b xxu||||| |||| 00| 0 eng d
082 _aDPer 050 Dec 2015-Mar 2016 T48 v186-187
100 _926529
_aEdwards, Haley Sweetland.
245 _aWhy we can't unscramble the fight over encryption/
_cHaley Sweetland Edwards.
260 _aNew York :
_bTime Inc.,
_c©Dec 2015-Mar 2016.
300 _av187 n2, pages 19-20:
_billustrations;
_c27 cm.
650 0 _926530
_aTerrorism.
942 _2ddc
_cPER